Normal view
MARC view
- Leach D
Entry Personal Name
001 - CONTROL NUMBER
- control field: 169452
003 - CONTROL NUMBER IDENTIFIER
- control field: OSt
005 - DATE AND TIME OF LATEST TRANSACTION
- control field: 20230313130353.0
008 - FIXED-LENGTH DATA ELEMENTS
- fixed length control field: 230313|| aca||aabn | a|a d
040 ## - CATALOGING SOURCE
- Original cataloging agency: OSt
- Transcribing agency: OSt
100 ## - HEADING--PERSONAL NAME
- Personal name: Leach D
670 ## - SOURCE DATA FOUND
- Source citation: Work cat.: (OSt)130112: Leach D., Digital Principles And Applications, 2009